Cơ sở di truyền và công nghệ gen
Lịch sử phát triển của di truyền học và kỹ thuật di truyền, bản chất của vật chất di truyền, hoạt động và sự biểu hiện của gen. Những nguyên lý cơ bản của công nghệ gen, công nghệ ADN tái tổ hợp và sự tách dòng
Uloženo v:
| Hlavní autor: | |
|---|---|
| Další autoři: | |
| Médium: | Kniha |
| Jazyk: | Vietnamese |
| Vydáno: |
H.
Khoa học và Kỹ thuật
2005
|
| Témata: | |
| Tagy: |
Přidat tag
Žádné tagy, Buďte první, kdo otaguje tento záznam!
|
| Thư viện lưu trữ: | Mạng thư viện Đại học Đà Nẵng |
|---|
| LEADER | 01546aam a22003858a 4500 | ||
|---|---|---|---|
| 001 | 000013520 | ||
| 003 | 9862 | ||
| 005 | 20120316100306.0 | ||
| 008 | 120316s2005 viesd | ||
| 020 | |c 25000đ |d 600b | ||
| 041 | |a vie | ||
| 082 | 1 | 4 | |2 14 |a 572.8 |b TR-X |
| 084 | |a E041z73 | ||
| 100 | 0 | |a Trần Thị Xô |e Chủ biên | |
| 245 | |a Cơ sở di truyền và công nghệ gen |c Trần Thị Xô, Nguyễn Thị Lan | ||
| 260 | |a H. |b Khoa học và Kỹ thuật |c 2005 | ||
| 300 | |a 187tr. |b hình vẽ |c 24cm | ||
| 504 | |a Thư mục: tr. 180 | ||
| 520 | |a Lịch sử phát triển của di truyền học và kỹ thuật di truyền, bản chất của vật chất di truyền, hoạt động và sự biểu hiện của gen. Những nguyên lý cơ bản của công nghệ gen, công nghệ ADN tái tổ hợp và sự tách dòng | ||
| 650 | 7 | |2 Bộ TK TVQG |a Sinh học | |
| 650 | 7 | |2 Bộ TK TVQG |a Công nghệ | |
| 650 | 7 | |2 Bộ TK TVQG |a Di truyền học | |
| 650 | 7 | |2 Bộ TK TVQG |a Gen | |
| 655 | 7 | |2 Bộ TK TVQG |a Giáo trình | |
| 700 | 0 | |a Nguyễn Thị Lan | |
| OWN | |a LSP | ||
| AVA | |a UDN50 |b LSP |d 572.8 TR-X |e available |t Error 5001 Not defined in file expand_doc_bib_avail. |f 1 |g 0 |h N |i 0 |k 1 | ||
| 999 | |a From the UDN01 | ||
| AVA | |a UDN50 |b LSP |d 572.8 TR-X |e available |t Error 5001 Not defined in file expand_doc_bib_avail. |f 1 |g 0 |h N |i 0 |k 1 | ||
| TYP | |a Monograph | ||
| TYP | |a Printed language | ||
| 980 | |a Mạng thư viện Đại học Đà Nẵng | ||